Intelligent Transportation Systems (Record no. 12588)
[ view plain ]
| 000 -LEADER | |
|---|---|
| fixed length control field | 00359nam a22001457a 4500 |
| 003 - CONTROL NUMBER IDENTIFIER | |
| control field | OSt |
| 008 - FIXED-LENGTH DATA ELEMENTS--GENERAL INFORMATION | |
| fixed length control field | 240501b |||||||| |||| 00| 0 eng d |
| 020 ## - INTERNATIONAL STANDARD BOOK NUMBER | |
| International Standard Book Number | 9788195400928 |
| 082 ## - DEWEY DECIMAL CLASSIFICATION NUMBER | |
| Classification number | 388.4 KUL |
| 100 ## - MAIN ENTRY--PERSONAL NAME | |
| Personal name | SRINIVASA KUMAR,R |
| 245 ## - TITLE STATEMENT | |
| Title | Intelligent Transportation Systems |
| 260 ## - PUBLICATION, DISTRIBUTION, ETC. (IMPRINT) | |
| Place of publication, distribution, etc | New Delhi |
| Name of publisher, distributor, etc | University Press |
| Date of publication, distribution, etc | 2022 |
| 300 ## - PHYSICAL DESCRIPTION | |
| Extent | 138 |
| 942 ## - ADDED ENTRY ELEMENTS (KOHA) | |
| Source of classification or shelving scheme | Dewey Decimal Classification |
| Koha item type | Text Books |
| Withdrawn status | Lost status | Source of classification or shelving scheme | Damaged status | Not for loan | Collection code | Home library | Current library | Date acquired | Source of acquisition | Currency | Cost, normal purchase price | Bill Number | Total Checkouts | Full call number | Acc. no. / Barcode | Date last seen | Actual Cost, discounted price | Bill Date | Koha item type |
|---|---|---|---|---|---|---|---|---|---|---|---|---|---|---|---|---|---|---|---|
| Dewey Decimal Classification | B.Tech(CE) | PIET C-LIBRARY | PIET C-LIBRARY | 23/04/2024 | Zafaa Books and Distributors | In rupees | 375.00 | ZBD0469 | 388.4 KUI | 36861 | 01/05/2024 | 262.50 | 23/03/2024 | Reference Books | |||||
| Dewey Decimal Classification | B.Tech(CE) | PIET C-LIBRARY | PIET C-LIBRARY | 23/04/2024 | Zafaa Books and Distributors | In rupees | 375.00 | ZBD0469 | 388.4 KUI | 36862 | 01/05/2024 | 262.50 | 23/03/2024 | Text Books | |||||
| Dewey Decimal Classification | B.Tech(CE) | PIET C-LIBRARY | PIET C-LIBRARY | 23/04/2024 | Zafaa Books and Distributors | In rupees | 375.00 | ZBD0469 | 388.4 KUI | 36863 | 01/05/2024 | 262.50 | 23/03/2024 | Text Books |